|
|
|
|
| LEADER |
01343nam a2200385 ia4500 |
| 001 |
001918538 |
| 003 |
CZ BrMZK |
| 005 |
20250509085855.0 |
| 007 |
ta |
| 008 |
241205m20139999fr a g 6 000 1 fre |
| 020 |
|
|
|a 978-2-7560-3873-5
|q (1 ;
|q brožováno)
|
| 040 |
|
|
|a BOA001
|b cze
|e rda
|
| 072 |
|
7 |
|a 741.52
|x Komiksy. Komiksové adaptace
|2 Konspekt
|9 21
|
| 080 |
|
|
|a 741.52(0:82-321.5)
|2 MRF
|
| 080 |
|
|
|a 37.015.311-053.2
|2 MRF
|
| 080 |
|
|
|a 173.5/.7
|2 MRF
|
| 100 |
1 |
|
|a Delisle, Guy,
|d 1966-
|7 xx0089254
|4 aut
|
| 245 |
1 |
3 |
|a Le guide du mauvais père /
|c Guy Delisle
|
| 264 |
|
1 |
|a [Paris] :
|b Éditions Delcourt,
|c [2013]-
|
| 300 |
|
|
|a ^^^svazky :
|b ilustrace ;
|c 18 cm
|
| 336 |
|
|
|a text
|b txt
|2 rdacontent
|
| 336 |
|
|
|a statický obraz
|b sti
|2 rdacontent
|
| 337 |
|
|
|a bez média
|b n
|2 rdamedia
|
| 338 |
|
|
|a svazek
|b nc
|2 rdacarrier
|
| 505 |
1 |
|
|a 1. ©2013. 190 stran
|
| 650 |
0 |
7 |
|a otcovství
|7 ph123863
|2 czenas
|
| 650 |
0 |
7 |
|a otcové a děti
|7 ph123865
|2 czenas
|
| 650 |
0 |
9 |
|a fatherhood
|2 eczenas
|
| 650 |
0 |
9 |
|a fathers and children
|2 eczenas
|
| 655 |
|
7 |
|a humoristické komiksy
|7 fd1057480
|2 czenas
|
| 655 |
|
9 |
|a humorous comics
|2 eczenas
|
| 910 |
|
|
|a BOA001
|b 1-1532.646
|s 1-
|
| 990 |
|
|
|a BK
|
| 991 |
|
|
|b 202505
|c NOV
|
| 996 |
7 |
|
|b 2610989134
|c 1-1532.646
|d 1
|v 1
|l Francouzská knihovna/2.patro
|r ZHR
|n 1
|p dar
|h BD-del
|w 001987980
|u 000010
|a 0
|e BOA001
|j MZK50
|s A
|